STN ISO 2917: 2010 (57 0155) Mäso a mäsové výrobky. Meranie pH. Referenčná metóda

Bibliographic Details
Corporate Author: Agentúra AC (Bratislava, Slovensko) (Author)
Other Authors: Kaclíková, Eva (Translator)
Format: Book
Language:Slovak
English
PhysicalDescription:8 s. 30 cm
Published: Bratislava Slovenský ústav technickej normalizácie 2010
Subjects:

MARC

LEADER 00000nam a2200000 a 4500
001 vtls010108862
003 SK-MaSNL
005 20260302044743.0
008 160627s2010 xo f u 000 0 slo
015 |a SNBN2010/04-02805 
020 |c (cen. skup. 09) 
040 |a SNK  |b slo  |c SNK  |e AACR2 
041 1 |a slo  |h eng 
044 |a xo  |c SK 
046 |a s  |m 201006 (účin.) 
072 7 |a 637  |x Živočíšne produkty  |2 konspekt 
080 |a 637.5  |2 2001 
080 |a 006.7/.8  |2 2001 
080 |a (437.6)  |2 2001 
080 |a (4)  |2 2001 
084 |a 67.120.10  |2 ICS 
130 0 |a STN 57 0155 (STN ISO 2917)  |9 700927 
245 1 0 |a STN ISO 2917: 2010 (57 0155) Mäso a mäsové výrobky. Meranie pH. Referenčná metóda  |c spracovateľ Agentúra AC Bratislava, Eva Kaclíková 
246 1 0 |a Mäso a mäsové výrobky 
246 1 0 |a Meranie pH 
246 1 0 |a Referenčná metóda 
246 3 0 |a ISP 2917: 1999 
260 |a Bratislava  |b Slovenský ústav technickej normalizácie  |c 2010 
300 |a 8 s.  |c 30 cm 
500 |a Súbežný názov v angličtine, francúzštine, nemčine 
500 |a Táto norma obsahuje slovenskú verziu ISO 2917: 1999 
504 |a Citované normy, súvisiace právne predpisy s. 2 ; literatúra s. 8 
540 |a STN vydané na akomkoľvek nosiči sa môžu rozmnožovať a rozširovať iba so súhlasom určenej právnickej osoby  |b SÚTN Bratislava  |c zákon 264/1999 Z.z. 
650 0 7 |a živočíšne produkty  |2 SVKBBPH  |9 91072 
650 0 7 |a mäso  |2 SVKBBPH  |9 18169 
650 0 7 |a technické normy a štandardy  |z Slovensko  |2 SVKBBPH  |9 79594 
650 0 7 |a technické normy a štandardy  |z krajiny Európskej únie  |2 SVKBBPH  |9 289341 
655 7 |a normy  |2 SVKBBPH  |9 70643 
700 1 |a Kaclíková, Eva  |4 trl  |9 314591 
710 2 |a Agentúra AC (Bratislava, Slovensko)  |4 aut  |9 314592 
710 2 |a Slovenský ústav technickej normalizácie (Bratislava, Slovensko)  |b TK 78 Poľnohospodárske produkty a potravinárske výrobky  |4 stn  |9 320361 
852 |a Štátna vedecká knižnica v Banskej Bystrici 
958 |a OP 
999 |c 1091007  |d 1092937 
952 |a SNK  |b SNK  |y PREZ  |7 0  |p 17A0665833  |o snkSTN ISO 2917  |i snk2010/15435  |8 0  |0 0  |1 0  |4 0  |d 2010-07-22  |l 0  |r 2026-02-24 16:56:40  |w 2026-02-24 
952 |a SNK  |b SNK  |y PREZ  |7 0  |p 17A0665834  |o snkSTN ISO 2917 D1  |i snk2010/15436  |8 0  |0 0  |1 0  |4 0  |d 2010-07-22  |l 0  |r 2026-02-24 16:56:40  |w 2026-02-24